01268nam a2200361Ii 4500001001100000003000800011006001900019007001500038008004100053020001500094020001800109035002100127040002600148050001600174100002300190245015100213250001100364264005400375300003400429336002600463337002600489338003600515490004700551504006400598650001800662650001300680650001400693655002200707700002800729700002800757830004900785856007200834DIGANT0122NyNyDIGm o d cr |||||||||||120901s2008 sp ob 000 0 spa d z8476588895 z9788476588895 a(OCoLC)888253386 aDGITAbengepncDGITA14aBD241 eBook1 aBeuchot, Mauricio.10aHermenéutica de la encrucijada :banalogía, retórica y filosofía /cMauricio Beuchot, Francisco Arenas-Dolz ; epílogo de Gianni Vattimo. a1. ed. 1aRubí, Barcelona :bAnthropos, Editorial,c2008. a1 online resource (462 pages) atextbtxt2rdacontent acomputerbc2rdamedia aonline resourcebcr2rdacarrier1 aAutores, textos y temas. Hermeneusis ;v25 aIncludes bibliographical references (p. 427-452) and index. 0aHermeneutics. 0aAnalogy. 0aRhetoric. 0aElectronic books.1 aArenas-Dolz, Francisco.1 aVattimo, Gianni,d1936- 0aAutores, textos y temas.pHermeneusis ;v25.403Digitalia Hispánicauhttps://www.digitaliapublishing.com/a/15703/